000
00247nam a2200097Ia 4500
001
1206912
005
20250827022815.0
008
250824s9999 xx 000 0 und d
245
0
_a
ELVEDA BALKANLAR
_c
İSMAİL BİLGİN
260
_b
TİMAŞ YAYINLARI
999
_c
1206912
_d
1206912